[Event "PRO League Group Stage"]
[Site "chess.com INT"]
[Date "2020.01.06"]
[Round "1"]
[White "Sevian, Samuel"]
[Black "Dominguez Perez, Leinier"]
[Result "0-1"]
[WhiteTitle "GM"]
[BlackTitle "GM"]
[WhiteElo "2660"]
[BlackElo "2758"]
[WhiteTeam "New York Marshalls"]
[BlackTeam "Saint Louis Arch Bishops"]
[WhiteFideId "2040506"]
[BlackFideId "3503240"]
[EventDate "2020.01.06"]

1. e4 c5 2. Nf3 d6 3. d4 cxd4 4. Nxd4 Nf6 5. Nc3 a6 6. Be3 e5 7. Nb3 Be6 8. f3
h5 9. Qd2 Nbd7 10. O-O-O Qc7 11. Kb1 Be7 12. g3 b5 13. Nd5 Bxd5 14. exd5 Nb6 15.
Bxb6 Qxb6 16. Na5 Rc8 17. c4 bxc4 18. Nxc4 Qa7 19. Ne3 g6 20. Bg2 Kf8 21. f4
exf4 22. gxf4 Ng4 23. Nxg4 hxg4 24. f5 g5 25. f6 Bxf6 26. Rhf1 Qe7 27. Rde1 Be5
28. Rf5 Rxh2 29. Ref1 Bf4 30. Qd4 Qe2 31. Rxf7+ Kxf7 32. Rxf4+ gxf4 33. Qxf4+
Ke8 0-1

[Event "PRO League Group Stage"]
[Site "chess.com INT"]
[Date "2020.01.06"]
[Round "1"]
[White "Guseinov, Gadir"]
[Black "Le, Quang Liem"]
[Result "1/2-1/2"]
[WhiteTitle "GM"]
[BlackTitle "GM"]
[WhiteElo "2666"]
[BlackElo "2713"]
[WhiteTeam "New York Marshalls"]
[BlackTeam "Saint Louis Arch Bishops"]
[WhiteFideId "13401378"]
[BlackFideId "12401137"]
[EventDate "2020.01.06"]

1. e4 e5 2. Nf3 Nc6 3. Bb5 Nf6 4. O-O Nxe4 5. Re1 Nd6 6. Nxe5 Be7 7. Bf1 Nf5 8.
c3 Nxe5 9. Rxe5 d6 10. Re1 c5 11. d4 cxd4 12. cxd4 O-O 13. Nc3 Bf6 14. d5 Bd7
15. Bd3 Rc8 16. Qf3 Nh4 17. Qg3 Bf5 18. Ne4 Be5 19. Qg5 h6 20. Qxd8 Rfxd8 21. f4
Bd4+ 22. Be3 Bxe3+ 23. Rxe3 Bg6 24. Nc3 Bxd3 25. Rxd3 Rc4 26. g3 Nf5 27. Re1 h5
28. Kf2 a6 29. Re2 Kf8 30. Nd1 Re8 31. Rxe8+ Kxe8 32. Ne3 Nxe3 33. Kxe3 Kd7 34.
Rb3 Kc7 35. Kd3 Rc5 36. Kd4 Ra5 37. Rc3+ Kd7 38. a3 Ra4+ 39. Rc4 Rxc4+ 40. Kxc4
f5 1/2-1/2

[Event "PRO League Group Stage"]
[Site "chess.com INT"]
[Date "2020.01.06"]
[Round "1"]
[White "Dominguez Perez, Leinier"]
[Black "Moranda, Wojciech"]
[Result "1-0"]
[WhiteTitle "GM"]
[BlackTitle "GM"]
[WhiteElo "2758"]
[BlackElo "2601"]
[WhiteTeam "Saint Louis Arch Bishops"]
[BlackTeam "New York Marshalls"]
[WhiteFideId "3503240"]
[BlackFideId "1122401"]
[EventDate "2020.01.06"]

1. e4 c5 2. Nf3 e6 3. d4 cxd4 4. Nxd4 Nc6 5. Nc3 Qc7 6. Be3 a6 7. Qd2 Nf6 8.
O-O-O Bb4 9. f3 O-O 10. Kb1 d5 11. Nxc6 bxc6 12. e5 Bxc3 13. Qxc3 Nd7 14. f4 a5
15. h4 Ba6 16. h5 c5 17. h6 g6 18. Bc1 Rfc8 19. Bxa6 Rxa6 20. g4 Rb6 21. Rhe1 d4
22. Qa3 Qc6 23. f5 Qd5 24. fxg6 fxg6 25. Qg3 Rf8 26. Rf1 Rbb8 27. Qh4 Nxe5 28.
Qe7 Nf7 29. Rde1 e5 30. Qh4 e4 31. Qf6 Nxh6 32. Qe7 Rfe8 33. Qh4 Nf7 34. Rh1 h6
35. Bxh6 e3 36. Bf4 g5 37. Qh7+ Kf8 38. Bxb8 Rxb8 39. Rhf1 Ke7 40. Rf5 Qe6 41.
Ref1 Rf8 42. Rxc5 Kd6 43. Rcf5 e2 44. Re1 Kd7 45. Qh2 Re8 46. Qh7 Re7 47. Rf2
Nd6 48. Qd3 Qxg4 49. Rfxe2 Rxe2 50. Qxe2 Qf4 51. Rf1 Qg3 52. Qa6 Qg2 53. Rd1 Qd5
54. Qa7+ Ke6 55. Qxd4 Qxd4 56. Rxd4 Ke5 57. Ra4 Ne4 58. Kc1 g4 59. Kd1 Kf4 60.
Ke2 g3 61. Rxe4+ Kxe4 62. a3 Kf4 63. b4 a4 64. b5 1-0

[Event "PRO League Group Stage"]
[Site "chess.com INT"]
[Date "2020.01.06"]
[Round "1"]
[White "Sevian, Samuel"]
[Black "Le, Quang Liem"]
[Result "0-1"]
[WhiteTitle "GM"]
[BlackTitle "GM"]
[WhiteElo "2660"]
[BlackElo "2713"]
[WhiteTeam "New York Marshalls"]
[BlackTeam "Saint Louis Arch Bishops"]
[WhiteFideId "2040506"]
[BlackFideId "12401137"]
[EventDate "2020.01.06"]

1. c4 c5 2. Nc3 Nc6 3. Nf3 Nf6 4. g3 g6 5. Bg2 d6 6. O-O Bg7 7. a3 O-O 8. Rb1
Bf5 9. d3 Qd7 10. Re1 Bh3 11. Bh1 h6 12. b4 Rac8 13. Bd2 b6 14. e3 Bg4 15. b5
Ne5 16. Nxe5 dxe5 17. Qc2 Rfd8 18. Nd5 Nh7 19. e4 e6 20. Ne3 Qxd3 21. Qa4 Be2
22. Rb2 Ng5 23. h4 Nf3+ 24. Bxf3 Bxf3 25. Qxa7 Qd6 26. Qa4 Bxe4 27. Ng4 Qd4 28.
Qb3 h5 29. Bc3 Bc2 30. Qxc2 Qxg4 31. Qe2 Ra8 32. Ra2 Ra4 33. Qxg4 hxg4 34. Bxe5
Bxe5 35. Rxe5 Rd4 36. Re1 Raxc4 37. Kg2 Kg7 38. Rea1 Ra4 39. Rc1 Kf6 40. Rc3 Ke5
41. Re2+ Kd5 42. Rb2 e5 43. Kf1 e4 44. Ke2 Rdc4 45. Rcb3 Rc1 46. Ke3 c4 47. Rb4
Rxa3+ 48. Kf4 f6 49. Kxg4 c3 50. Re2 Kc5 0-1

[Event "PRO League Group Stage"]
[Site "chess.com INT"]
[Date "2020.01.06"]
[Round "1"]
[White "Guseinov, Gadir"]
[Black "Dominguez Perez, Leinier"]
[Result "1-0"]
[WhiteTitle "GM"]
[BlackTitle "GM"]
[WhiteElo "2666"]
[BlackElo "2758"]
[WhiteTeam "New York Marshalls"]
[BlackTeam "Saint Louis Arch Bishops"]
[WhiteFideId "13401378"]
[BlackFideId "3503240"]
[EventDate "2020.01.06"]

1. e4 c5 2. Nc3 d6 3. Bb5+ Nd7 4. d4 cxd4 5. Qxd4 a6 6. Bxd7+ Bxd7 7. Nge2 Rc8
8. f3 Nf6 9. Bg5 e6 10. O-O-O Be7 11. Bxf6 Bxf6 12. Qxd6 Qc7 13. Qxc7 Rxc7 14.
Rd3 Ke7 15. Rhd1 Rhc8 16. f4 g5 17. e5 Bh8 18. g3 Rg8 19. Nd4 Be8 20. Re1 gxf4
21. gxf4 Rc5 22. Ne4 Rd5 23. Nc3 Rc5 24. b4 Rc4 25. f5 exf5 26. Nxf5+ Kf8 27.
Nd6 Rxb4 28. Nxe8 Kxe8 29. Nd5 Rgg4 30. Nxb4 Rxb4 31. e6 Bf6 32. Rb3 Rxb3 33.
exf7+ Kxf7 34. cxb3 h5 35. Kd2 Kg6 36. Ke3 Kf5 37. Kf3 Be5 38. h3 b6 39. Rd1 a5
40. Rd5 1-0

[Event "PRO League Group Stage"]
[Site "chess.com INT"]
[Date "2020.01.06"]
[Round "1"]
[White "Le, Quang Liem"]
[Black "Moranda, Wojciech"]
[Result "1/2-1/2"]
[WhiteTitle "GM"]
[BlackTitle "GM"]
[WhiteElo "2713"]
[BlackElo "2601"]
[WhiteTeam "Saint Louis Arch Bishops"]
[BlackTeam "New York Marshalls"]
[WhiteFideId "12401137"]
[BlackFideId "1122401"]
[EventDate "2020.01.06"]

1. d4 Nf6 2. c4 e6 3. Nf3 d5 4. g3 dxc4 5. Bg2 c5 6. O-O Nc6 7. Qa4 Bd7 8. Qxc4
cxd4 9. Nxd4 Rc8 10. Nc3 Nxd4 11. Qxd4 Bc5 12. Qh4 h6 13. Bf4 Bc6 14. Bxc6+ Rxc6
15. Rad1 Qa5 16. Rd3 Be7 17. Bd2 Qf5 18. Qa4 O-O 19. Rd1 a6 20. Qf4 Qh5 21. Kg2
Rfc8 22. Qf3 Qxf3+ 23. Kxf3 b5 24. e4 b4 25. Na4 Rc2 26. Be3 R8c4 27. Rd4 e5 28.
Rxc4 Rxc4 29. Rc1 Rxe4 30. Rc6 g5 31. h3 a5 32. b3 Kg7 33. Nb6 h5 34. Bxg5 Rd4
35. Nc4 e4+ 36. Kg2 Rd5 37. h4 Bd8 38. Ra6 Ng4 39. Bxd8 Rxd8 40. Rxa5 Rd3 41.
Rxh5 f6 42. Rf5 e3 43. fxe3 Rc3 44. Kh3 Nh6 45. Rb5 Rc2 46. Rxb4 Rxa2 47. e4 Kg6
48. e5 f5 49. Rb6+ Kh5 50. Ne3 Ng4 51. Ng2 Nf2+ 52. Kh2 Ng4+ 53. Kh3 Nf2+ 54.
Kh2 Ng4+ 55. Kh3 1/2-1/2

[Event "PRO League Group Stage"]
[Site "chess.com INT"]
[Date "2020.01.08"]
[Round "1"]
[White "Demidov, Mikhail"]
[Black "Bai, Jinshi"]
[Result "1/2-1/2"]
[WhiteTitle "IM"]
[BlackTitle "GM"]
[WhiteElo "2552"]
[BlackElo "2618"]
[WhiteTeam "Russia Wizards"]
[BlackTeam "China Pandas"]
[WhiteFideId "4197143"]
[BlackFideId "8602280"]
[EventDate "2020.01.06"]

1. d4 Nf6 2. Bg5 d5 3. Nf3 g6 4. e3 Bg7 5. Be2 O-O 6. O-O Nbd7 7. c4 c5 8. cxd5
cxd4 9. Nxd4 Nxd5 10. Bf3 N7f6 11. Qb3 e5 12. Ne2 Be6 13. Qa3 Qb6 14. Nbc3 e4
15. Nxe4 Nxe4 16. Bxe4 Bxb2 17. Qd3 Bxa1 18. Rxa1 Nb4 19. Qd2 Nc6 20. Bh6 Rfe8
21. Qc3 f6 22. Qxf6 Qc7 23. Bxg6 Qe7 24. Qxe7 Rxe7 25. Be4 Bf7 26. f3 Bg6 27.
Bd5+ Bf7 28. Be4 Rae8 29. Kf2 Rd7 30. Bxc6 bxc6 31. e4 Rb8 32. Rc1 Rb6 33. a3
Rd3 34. Be3 Ra6 35. Bc5 Ra4 36. Nf4 Rd2+ 37. Ke3 Rd8 38. e5 Rb8 39. Rc3 Rb3 40.
Rxb3 Bxb3 41. e6 Bd5 42. g4 Rc4 43. e7 Kf7 44. Nd3 Ke8 45. h4 Rc3 46. Kd4 Rc4+
47. Ke3 Rc3 48. Bb4 Rb3 49. Kd4 Bxf3 50. g5 Be2 51. Nf4 Bg4 52. Ke5 a5 53. Bxa5
Kxe7 54. Bb4+ Kf7 55. Kd6 Rf3 56. Ke5 Re3+ 57. Kd6 Re4 58. Ng2 Bh3 59. Ne1 Rxh4
60. Kxc6 Rg4 61. Bd2 Ke6 62. Nd3 Rd4 63. Nc5+ Kf5 64. Be3 Bg2+ 65. Kb5 Bf1+ 66.
Kc6 Bg2+ 67. Kb5 Rd1 68. a4 Rb1+ 69. Kc4 Bf1+ 70. Kd5 Bg2+ 71. Kc4 Bf1+ 72. Kd5
Bg2+ 73. Kc4 1/2-1/2

[Event "PRO League Group Stage"]
[Site "chess.com INT"]
[Date "2020.01.08"]
[Round "1"]
[White "Wen, Yang"]
[Black "Dobrov, Vladimir"]
[Result "0-1"]
[WhiteTitle "GM"]
[BlackTitle "GM"]
[WhiteElo "2594"]
[BlackElo "2478"]
[WhiteTeam "China Pandas"]
[BlackTeam "Russia Wizards"]
[WhiteFideId "8602956"]
[BlackFideId "4136594"]
[EventDate "2020.01.06"]

1. e4 c5 2. Nf3 Nc6 3. d4 cxd4 4. Nxd4 Qb6 5. Nb3 Nf6 6. Nc3 e6 7. g3 h5 8. h3
a6 9. Bg2 Qc7 10. O-O d6 11. a4 Ne5 12. a5 Bd7 13. f4 Nc4 14. Qe2 Rc8 15. Re1
Be7 16. e5 dxe5 17. fxe5 Ng8 18. Ne4 h4 19. g4 Qxe5 20. Qf2 Qc7 21. Bf4 e5 22.
Bh2 Nf6 23. Nc3 Be6 24. g5 Nd7 25. Nd5 Qd8 26. g6 O-O 27. gxf7+ Rxf7 28. Qe2 Bf8
29. Kh1 Qg5 30. Rg1 Qh6 31. c3 Nf6 32. Nf4 Bf5 33. Nd5 Nh5 34. Ra4 Ng3+ 35. Bxg3
hxg3 36. Qe1 Bxh3 37. Qxg3 Bd7+ 38. Qh2 Qxh2+ 39. Kxh2 Bxa4 40. Nc1 Rf2 41. b3
Bc6 42. bxc4 Bxd5 43. cxd5 Rxc3 44. Rd1 Bd6 45. Kg1 Bc5 46. Kh1 Rcc2 47. Rg1
Rxg2 48. Rxg2 Rxc1+ 49. Kh2 Rd1 0-1

[Event "PRO League Group Stage"]
[Site "chess.com INT"]
[Date "2020.01.08"]
[Round "1"]
[White "Xu, Xiangyu"]
[Black "Tomashevsky, Evgeny"]
[Result "1-0"]
[WhiteTitle "GM"]
[BlackTitle "GM"]
[WhiteElo "2580"]
[BlackElo "2705"]
[WhiteTeam "China Pandas"]
[BlackTeam "Russia Wizards"]
[WhiteFideId "8608288"]
[BlackFideId "4147235"]
[EventDate "2020.01.06"]

1. d4 Nf6 2. Bf4 e6 3. e3 Be7 4. Nd2 c5 5. c3 b6 6. h3 Bb7 7. Ngf3 O-O 8. Bd3
Nc6 9. O-O Rc8 10. Qe2 d5 11. Rad1 Re8 12. Rfe1 Bd6 13. Bxd6 Qxd6 14. e4 Qd8 15.
e5 Nd7 16. a3 f6 17. exf6 Qxf6 18. Bb5 cxd4 19. cxd4 a6 20. Bxc6 Rxc6 21. Nb1
Rcc8 22. Nc3 b5 23. Rd3 Re7 24. Re3 Rce8 25. Ne5 Nxe5 26. Rxe5 Qf4 27. Qe3 Qxe3
28. R1xe3 Bc6 29. Na2 Rc8 30. Nb4 Bb7 31. Rxe6 Rxe6 32. Rxe6 a5 33. Nd3 Bc6 34.
Re7 Be8 35. Nc5 Rb8 36. Ra7 b4 37. Rxa5 bxa3 38. bxa3 Rb1+ 39. Kh2 Rd1 40. Ne6
h6 41. Rxd5 Rd3 42. Rd8 Kf7 43. Nxg7 1-0

[Event "PRO League Group Stage"]
[Site "chess.com INT"]
[Date "2020.01.08"]
[Round "1"]
[White "Bai, Jinshi"]
[Black "Anisimov, Pavel2"]
[Result "1/2-1/2"]
[WhiteTitle "GM"]
[BlackTitle "GM"]
[WhiteElo "2618"]
[BlackElo "2527"]
[WhiteTeam "China Pandas"]
[BlackTeam "Russia Wizards"]
[WhiteFideId "8602280"]
[BlackFideId "4135229"]
[EventDate "2020.01.06"]

1. d4 d5 2. Nf3 Nf6 3. c4 dxc4 4. e3 a6 5. Bxc4 e6 6. O-O c5 7. Nc3 Be7 8. dxc5
Bxc5 9. Qxd8+ Kxd8 10. Ng5 Ke8 11. Nge4 Nxe4 12. Nxe4 Be7 13. Rd1 b5 14. Be2 Bb7
15. Bf3 Nc6 16. a4 b4 17. Nd6+ Bxd6 18. Rxd6 Rc8 19. Bd2 Ke7 20. Bxc6 Rxc6 21.
Rxc6 Bxc6 22. Bxb4+ Kf6 23. Bc3+ Kg6 24. f3 Rd8 25. Kf2 f6 26. e4 e5 27. Ke3 Kf7
28. g3 Ke6 29. h4 g6 30. f4 Rc8 31. a5 Rd8 32. g4 exf4+ 33. Kxf4 Rd3 34. Rc1 Bb7
35. g5 f5 36. exf5+ gxf5 37. Re1+ Be4 38. Re3 Rxe3 39. Kxe3 Kf7 40. h5 Bc2 41.
b4 Ba4 42. Kf4 Bd7 43. Ke5 Kg8 44. Bd2 Kf7 45. Bf4 Kg8 46. Kf6 Kf8 47. Bd6+ Kg8
48. Be5 Kf8 49. Bf4 Kg8 50. Bd6 Be8 51. g6 hxg6 52. hxg6 Bd7 53. Ke7 Bb5 54. Ke6
Bd3 55. Be5 f4 56. Bxf4 Bxg6 57. b5 axb5 58. Ke5 Be8 59. Kd6 Bh5 1/2-1/2

[Event "PRO League Group Stage"]
[Site "chess.com INT"]
[Date "2020.01.08"]
[Round "1"]
[White "Tomashevsky, Evgeny"]
[Black "Wen, Yang"]
[Result "1/2-1/2"]
[WhiteTitle "GM"]
[BlackTitle "GM"]
[WhiteElo "2705"]
[BlackElo "2594"]
[WhiteTeam "Russia Wizards"]
[BlackTeam "China Pandas"]
[WhiteFideId "4147235"]
[BlackFideId "8602956"]
[EventDate "2020.01.06"]

1. c4 e6 2. Nc3 d5 3. d4 Nf6 4. cxd5 exd5 5. Bg5 c6 6. e3 Be7 7. Bd3 Nbd7 8. Qc2
Nh5 9. Bxe7 Qxe7 10. O-O-O Nb6 11. Kb1 g6 12. h3 Ng7 13. g4 Be6 14. f4 f6 15.
Nf3 O-O-O 16. Qh2 Ne8 17. g5 Nd6 18. gxf6 Qxf6 19. Ne5 Bf5 20. Qe2 Kb8 21. b3
Nbc8 22. Kb2 Ne7 23. Na4 Bxd3 24. Qxd3 Ne4 25. Rh2 Nf5 26. Rc1 Ka8 27. Nc5 Nxc5
28. Rxc5 Nd6 29. Rhc2 Rc8 30. Ra5 Qd8 31. Ra4 Rf8 32. Qc3 Ne4 33. Qb4 Rf6 34.
Ra5 a6 35. Qa4 Ka7 36. b4 Nd6 37. Qb3 Re6 38. Rac5 Ne4 39. Ra5 Nd6 40. Rc1 Qe8
41. Rac5 Ne4 42. R5c2 g5 43. fxg5 Nxg5 44. a4 Nf7 45. b5 Nxe5 46. dxe5 Rxe5 47.
Qb4 Re4 48. Qa5 Rxe3 49. bxc6 bxc6 50. Qc5+ Ka8 51. Ka2 Qe7 52. Qxe7 Rxe7 53.
Rxc6 Rxc6 54. Rxc6 Kb7 55. Rd6 Re3 56. Rh6 d4 57. Kb2 Re2+ 58. Kb3 Re7 59. Kc4
Rd7 60. Kd3 Ka7 61. a5 Kb7 62. h4 Ka7 63. Rh5 Kb7 64. Rh6 Ka7 65. Rh5 Kb7 66.
Rh6 1/2-1/2

[Event "PRO League Group Stage"]
[Site "chess.com INT"]
[Date "2020.01.08"]
[Round "1"]
[White "Dobrov, Vladimir"]
[Black "Xu, Xiangyu"]
[Result "1-0"]
[WhiteTitle "GM"]
[BlackTitle "GM"]
[WhiteElo "2478"]
[BlackElo "2580"]
[WhiteTeam "Russia Wizards"]
[BlackTeam "China Pandas"]
[WhiteFideId "4136594"]
[BlackFideId "8608288"]
[EventDate "2020.01.06"]

1. d4 Nf6 2. c4 g6 3. g3 c6 4. Bg2 d5 5. e3 Bg7 6. Ne2 O-O 7. O-O e6 8. b3 b6 9.
Ba3 Re8 10. Nbc3 Bb7 11. Qd2 Nbd7 12. cxd5 exd5 13. Rac1 Nf8 14. Nf4 Ne6 15. Nd3
Rc8 16. f4 c5 17. dxc5 Nxc5 18. Nxc5 bxc5 19. Na4 Ba6 20. Rfd1 c4 21. Bb2 Qe7
22. Bd4 Ng4 23. Re1 cxb3 24. Rxc8 Bxc8 25. Bxg7 Kxg7 26. axb3 Nxe3 27. h3 g5 28.
Qc3+ Kg8 29. fxg5 Qxg5 30. Kf2 Qf5+ 31. Bf3 d4 32. Qxd4 Qc2+ 33. Re2 Nd1+ 34.
Qxd1 Rxe2+ 35. Qxe2 Qxb3 36. Qe8+ Kg7 37. Qxc8 Qxa4 38. Qg4+ 1-0

[Event "PRO League Group Stage"]
[Site "chess.com INT"]
[Date "2020.01.08"]
[Round "1"]
[White "Tomashevsky, Evgeny"]
[Black "Bai, Jinshi"]
[Result "1-0"]
[WhiteTitle "GM"]
[BlackTitle "GM"]
[WhiteElo "2705"]
[BlackElo "2618"]
[WhiteTeam "Russia Wizards"]
[BlackTeam "China Pandas"]
[WhiteFideId "4147235"]
[BlackFideId "8602280"]
[EventDate "2020.01.06"]

1. c4 c6 2. Nf3 d5 3. e3 g6 4. Nc3 Bg7 5. d4 Nf6 6. Be2 O-O 7. O-O dxc4 8. Bxc4
Bg4 9. Be2 Nbd7 10. Qb3 Qb6 11. Rd1 Rfd8 12. Bd2 Qxb3 13. axb3 Bxf3 14. gxf3 e5
15. dxe5 Nxe5 16. Na4 Ned7 17. Be1 Nd5 18. Nc3 N7b6 19. f4 a6 20. Bf3 f5 21.
Nxd5 Nxd5 22. Ba5 Rd7 23. Rd2 Nf6 24. Rad1 Rxd2 25. Rxd2 Re8 26. Be2 h6 27. Bc4+
Kh7 28. Bb6 Re7 29. Rd8 Re8 30. Rd6 Re7 31. Rd8 Re8 32. Rd6 Re7 33. Bc5 Ne4 34.
Rxc6 Nxc5 35. Rxc5 Bxb2 36. Rc8 b5 37. Bd5 a5 38. Rb8 b4 39. Ra8 Bc3 40. Rxa5 h5
41. Kg2 Kg7 42. Kf3 Rd7 43. Bc4 Bf6 44. Rb5 Bc3 45. Rb6 Ra7 46. Bb5 Ra2 47. Rb7+
Kf6 48. Bc4 g5 49. Rb6+ Kg7 50. fxg5 Be1 51. Be2 Rb2 52. h4 Rxb3 53. Rb7+ Kg6
54. Bb5 1-0

[Event "PRO League Group Stage"]
[Site "chess.com INT"]
[Date "2020.01.08"]
[Round "1"]
[White "Wen, Yang"]
[Black "Anisimov, Pavel2"]
[Result "1/2-1/2"]
[WhiteTitle "GM"]
[BlackTitle "GM"]
[WhiteElo "2594"]
[BlackElo "2527"]
[WhiteTeam "China Pandas"]
[BlackTeam "Russia Wizards"]
[WhiteFideId "8602956"]
[BlackFideId "4135229"]
[EventDate "2020.01.06"]

1. e4 e6 2. d4 d5 3. Bd3 dxe4 4. Bxe4 Nf6 5. Bf3 c5 6. Ne2 Nc6 7. Be3 Nd5 8.
Bxd5 Qxd5 9. Nbc3 Qc4 10. b3 Qb4 11. a3 Qa5 12. dxc5 Be7 13. b4 Qc7 14. Nb5 Qb8
15. Nd6+ Kf8 16. O-O f6 17. Nd4 Nxd4 18. Qxd4 Bd7 19. Rad1 Bc6 20. Qg4 f5 21.
Qh5 Bxd6 22. Rxd6 Qe8 23. Qh4 Qg6 24. f3 h6 25. c4 a6 26. Qf4 Kf7 27. Re1 Rhe8
28. Bd4 Re7 29. h4 Rae8 30. Be5 Kg8 31. Red1 Kh7 32. Kf2 Qh5 33. Ra1 Ba4 34. Re1
Rf7 35. Bc3 Rfe7 36. Re5 Qg6 37. Rb6 Qf7 38. Rd6 Qg6 39. Re1 Qh5 40. Be5 Bc6 41.
Rh1 Rf7 42. Rh3 Rfe7 43. Rg3 Rg8 44. Rd1 g5 45. hxg5 hxg5 46. Qd4 g4 47. fxg4
fxg4 48. Kg1 Rf7 49. Rf1 Rxf1+ 50. Kxf1 Qf5+ 51. Kg1 Qb1+ 52. Kh2 Qf5 53. Re3
Kg6 54. Bg3 Kf7 55. Re2 Qh7+ 56. Kg1 Qb1+ 57. Re1 Qc2 58. Qf4+ Qf5 59. Qc7+ Kg6
60. Rf1 Rg7 61. Qd8 Qe4 62. Qf6+ Kh7 63. Qh4+ Kg8 64. Qd8+ Kh7 65. Qh4+ Kg8 66.
Qd8+ Kh7 67. Rf2 Qe3 68. Qh4+ Kg8 69. Qd8+ Kh7 70. Bf4 Qe1+ 71. Rf1 Qe4 72. Qh4+
Kg8 73. Qd8+ Kh7 74. Qh4+ Kg8 75. Qd8+ Kh7 1/2-1/2

[Event "PRO League Group Stage"]
[Site "chess.com INT"]
[Date "2020.01.08"]
[Round "1"]
[White "Xu, Xiangyu"]
[Black "Demidov, Mikhail"]
[Result "1/2-1/2"]
[WhiteTitle "GM"]
[BlackTitle "IM"]
[WhiteElo "2580"]
[BlackElo "2552"]
[WhiteTeam "China Pandas"]
[BlackTeam "Russia Wizards"]
[WhiteFideId "8608288"]
[BlackFideId "4197143"]
[EventDate "2020.01.06"]

1. d4 e6 2. e4 d5 3. exd5 exd5 4. Nf3 Nf6 5. Bd3 Bd6 6. Qe2+ Qe7 7. Qxe7+ Kxe7
8. O-O h6 9. c4 dxc4 10. Bxc4 Re8 11. Nc3 Be6 12. Re1 Kf8 13. Bxe6 Rxe6 14. Rxe6
fxe6 15. Ne5 Nbd7 16. Nxd7+ Nxd7 17. Bd2 Nf6 18. Rc1 a6 19. Na4 b6 20. g3 Ke7
21. Kg2 Kd7 22. Nc3 Rf8 23. Be3 b5 24. Kf3 Rf7 25. Ne4 Nd5+ 26. Ke2 Nb4 27. Bd2
Nc6 28. Be3 Rf5 29. Nc5+ Bxc5 30. dxc5 Ne7 31. g4 Rf7 32. h4 Kc6 33. h5 Nd5 34.
Bd2 Nf6 35. f3 Nd5 36. a3 e5 37. b4 Re7 38. Re1 e4 39. Kf2 Nf6 40. Bc3 Kd5 41.
Ba1 Re6 42. Bxf6 gxf6 43. f4 Re8 44. Ke3 Rg8 45. Rg1 Rg7 46. Rg2 Rg8 47. Rg1 Rg7
48. Rg2 Rg8 49. Rg1 1/2-1/2

[Event "PRO League Group Stage"]
[Site "chess.com INT"]
[Date "2020.01.08"]
[Round "1"]
[White "Bai, Jinshi"]
[Black "Dobrov, Vladimir"]
[Result "0-1"]
[WhiteTitle "GM"]
[BlackTitle "GM"]
[WhiteElo "2618"]
[BlackElo "2478"]
[WhiteTeam "China Pandas"]
[BlackTeam "Russia Wizards"]
[WhiteFideId "8602280"]
[BlackFideId "4136594"]
[EventDate "2020.01.06"]

1. Nf3 d5 2. d4 Nf6 3. c4 c6 4. Nc3 e6 5. Bg5 h6 6. Bxf6 Qxf6 7. g3 Nd7 8. Bg2
dxc4 9. O-O Be7 10. Ne4 Qf5 11. Ned2 e5 12. e4 Qe6 13. Rc1 O-O 14. Nxc4 Bf6 15.
d5 cxd5 16. exd5 Qa6 17. Re1 Nb6 18. Nfxe5 Nxc4 19. Nxc4 Qxa2 20. Bf1 Qa6 21.
Qb3 b5 22. Ne5 Qa4 23. Qxb5 Qxb5 24. Bxb5 Rb8 25. Ba4 Rxb2 26. d6 Be6 27. d7 Rd2
28. Red1 Rxd1+ 29. Rxd1 Rd8 30. Nc6 Rxd7 31. Rxd7 Bxd7 32. Ne7+ Bxe7 33. Bxd7
Bc5 34. Kf1 Kf8 35. Ke2 Ke7 36. Ba4 Kd6 37. f3 Ke5 38. Kd3 Bg1 39. h3 Bh2 40. g4
Kf4 41. Ke2 Kg3 42. Be8 f6 43. Bd7 Kxh3 44. Kf2 Kh4 45. Kg2 Bf4 46. Kf2 Kg5 47.
Be8 Bd2 48. Ke2 Bc1 49. Kd3 Kf4 50. Ke2 a5 51. Kf2 Be3+ 52. Ke2 Bc5 53. Bd7 Bd6
54. Be8 Bc7 55. Bd7 Bb6 56. Be8 Kg5 57. Kf1 g6 58. Kg2 h5 59. gxh5 gxh5 60. Kf1
h4 61. Kg2 Bc7 62. Kh3 Bg3 63. Kg2 Kf4 64. Bd7 Ke3 65. Be8 Kd4 0-1

[Event "PRO League Group Stage"]
[Site "chess.com INT"]
[Date "2020.01.08"]
[Round "1"]
[White "Demidov, Mikhail"]
[Black "Wen, Yang"]
[Result "1-0"]
[WhiteTitle "IM"]
[BlackTitle "GM"]
[WhiteElo "2552"]
[BlackElo "2594"]
[WhiteTeam "Russia Wizards"]
[BlackTeam "China Pandas"]
[WhiteFideId "4197143"]
[BlackFideId "8602956"]
[EventDate "2020.01.06"]

1. d4 d5 2. Nf3 Nf6 3. c4 e6 4. Nc3 dxc4 5. e3 a6 6. a4 c5 7. Bxc4 Nc6 8. O-O
Be7 9. Qe2 cxd4 10. Rd1 e5 11. exd4 exd4 12. h3 O-O 13. Be3 Bc5 14. Bg5 Bf5 15.
Nd5 Re8 16. Bxf6 Qd6 17. Ne7+ Nxe7 18. Bxd4 Bxd4 19. Rxd4 Qf6 20. Qd2 Nc6 21.
Rd6 Be6 22. Ng5 Rad8 23. Nxe6 Rxd6 24. Qxd6 fxe6 25. Re1 Nd4 26. Re4 Rd8 27. Qc7
Kh8 28. Rf4 Nf5 29. g4 g5 30. Rf3 Qe7 31. Qxe7 Nxe7 32. Rf7 Ng6 33. Rxb7 Rd1+
34. Kh2 Rd2 35. Bxa6 Rxf2+ 36. Kg1 Rd2 37. Kf1 Ne5 38. Be2 Nc6 39. b4 Nd4 40.
Rd7 e5 41. a5 Ra2 42. a6 Nxe2 43. a7 Ng3+ 44. Ke1 Ra1+ 45. Kd2 Ne4+ 46. Kc2 Nd6
47. Rd8+ Kg7 48. a8=Q 1-0

[Event "PRO League Group Stage"]
[Site "chess.com INT"]
[Date "2020.01.08"]
[Round "1"]
[White "Anisimov, Pavel2"]
[Black "Xu, Xiangyu"]
[Result "1/2-1/2"]
[WhiteTitle "GM"]
[BlackTitle "GM"]
[WhiteElo "2527"]
[BlackElo "2580"]
[WhiteTeam "Russia Wizards"]
[BlackTeam "China Pandas"]
[WhiteFideId "4135229"]
[BlackFideId "8608288"]
[EventDate "2020.01.06"]

1. d4 Nf6 2. Nf3 d5 3. Bf4 Bf5 4. c3 e6 5. Qb3 b6 6. e3 Bd6 7. Ne5 O-O 8. Be2
Nfd7 9. Nxd7 Qxd7 10. Bxd6 Qxd6 11. Nd2 c5 12. O-O Nc6 13. Rac1 Rfd8 14. Rfd1
Rac8 15. Qa3 e5 16. dxe5 Qxe5 17. Nf3 Qf6 18. h3 Be4 19. Qa4 Qg6 20. Kh1 Rc7 21.
Rg1 Qf6 22. Qd1 Rcd7 23. Qe1 h6 24. Rd1 d4 25. cxd4 cxd4 26. Nxd4 Nxd4 27. exd4
Rxd4 28. f3 Rxd1 29. Bxd1 Bd5 30. b3 Be6 31. Qe2 g6 32. Qe3 Kg7 33. Qc1 Rc8 34.
Qa3 a5 35. Qd6 Bf5 36. Qd2 Rd8 37. Qc1 Qd4 38. Be2 Rc8 39. Qe1 Be6 40. Qb1 Bf5
41. Qe1 Re8 42. Qf1 Qb2 43. Bc4 Qxa2 44. Qc1 Qf2 45. Qc3+ Kg8 46. Rd1 Qe3 47.
Qxe3 Rxe3 48. Rd8+ Kg7 49. Rb8 Be6 50. Rxb6 Bxc4 51. bxc4 Rc3 52. Ra6 1/2-1/2